000 00296 a2200133 4500
001 194799
040 _cMagnum
100 _aPatrocínio, José do
240 1 0 _aA campanha abolicionista
_lpor
245 1 0 _aA campanha abolicionista
300 _a165
697 _aLITERATURA GERAL
942 _cBK
999 _c194799
_d194799